| 000 | 01130cab a2200241 4500 | ||
|---|---|---|---|
| 001 | ABS57194 | ||
| 008 | 090401t1997 xxu||||| |||| 00| 0 eng d | ||
| 035 | _a(Sirsi) u78855 | ||
| 041 | _aeng | ||
| 245 | _aIn University of Westminster`s Application | ||
| 260 | _c1997 | ||
| 350 | _a0 | ||
| 490 |
_aEstates Gazette _v(1997) 22 EG 147-149(3) |
||
| 520 | _aLT 3 December 1996. The applicant applied under Law of Property Act 1925 s84(1) (a), (aa), (b) and (c) to discharge or modify restrictive covenants to enable property to be used for general educational purposes. Application to discharge refused. Order issued, modifying covenants in the form of the original draft. Two matters relevant in refusing to order discharge, the form of notice to potential objectors and discharging of covenants might deprive those entitled to enforce them in the future. | ||
| 650 | _aDISCHARGE | ||
| 650 | _aLAW OF PROPERTY ACT 1925 S84 | ||
| 650 | _aMODIFICATION | ||
| 650 | _aRESTRICTIVE COVENANTS | ||
| 650 | _aUNIVERSITY OF WESTMINSTER | ||
| 690 | _aPLANNING LAW AND PRACTICE-CASE LAW | ||
| 942 | _n0 | ||
| 948 | _c11/06/1997 | ||
| 999 |
_c49561 _d49561 |
||